01452nam a2200277 a 450000100060000000300080000600500170001400800410003102000170007203500190008904000270010804100090013508200310014410000490017524500860022426000790031030000570038965000360044665000240048294200120050699900170051895201610053595201590069695201590085595201600101440165BD-RjUL20211209053142.0160423s2000 bg ||||| |||| 00| 0 ben d c: TK 200.00  a(BD-RjUL)40280 aBD-RjULbben cBD-RjUL aben  223 a344.01125 bSIS 2000  aসিদ্দিক, এ. বি. 912366410aশ্রম ও শিল্প আইন /cএ. বি. সিদ্দিক  aঢাকা :bকামরুল বুক হাউস, c২০০০  a[১০], ২৪০ পৃ. ; c২১ সেমি  aশ্রম আইন 9123665 aLabour Law 9123666 2ddccBK c40165d40165 00102ddc40708NFICaRUCLbRUCLcStackd2004-11-24eKamrul Bo0ok House , Dhakag200.00l0oB 344.01125 SIS 2000r2016-04-23 00:00:00tC-2w2016-04-23yBK 00102ddc40708NFICaRUCLbRUCLcStackd2004-11-24eKamrul Book house, Dhakag200.00l0oB 344.01125 SIS 2000r2016-08-08 00:00:00tC-3w2016-08-08yBK 00102ddc40708NFICaRUCLbRUCLcStackd2004-11-27eKamrul book house.Dhaka.g200.00l0oB 344.01125 SIS 2000r2016-11-14 00:00:00tC-4w2021-12-09yBK 00102ddc40718NFICaRUCLbRUCLcReadingd2004-11-24eKamrul book house.Dhaka.g200.00l0oB 344.01125 SIS 2000r2016-12-26 00:00:00tC1w2021-12-09yBK